000 01147nam a2200313 i 4500
003 EG-GICUC
005 20260405153039.0
008 260405s1972 fr ||fr|||| 000 0 fre d
040 _aEG-GiCUC
_bfre
_cEG-GiCUC
_dEG-GiCUC
_erda
041 0 _afre
082 0 4 _221
_a341.511
_bDR . C
092 0 4 _221
099 _aLaw1 11 341.511 DR . C 1972
100 _a De Visscher, Charles
_eAuteur
245 1 0 _aCompétence Judiciaire Et Effets Des Jugements Dans Le Marché Commun :
_b(Etude De La Convention De Bruxelles Du 27 Septembre 1968) /
_cPar Georges A. L. Droz; Préface De Henri.
264 1 _aParis :
_bLibrairie Dalloz,
_c1972..
300 _a576 pages,
_c24 cm
336 _2rda content
_atext
337 _2rda media
_aComputer
338 _2rda carrier
_aOnline Resource
490 _aBibliothèque De Droit International Privé
_vVolume Xiii
504 _aIncludes bibliographical references.
546 _aTexte en français
650 1 4 _aDroit international public
700 1 _aBatiffol , Henri
_ePréfacier
856 4 0 _uhttps://fll.law.cu.edu.eg/fulltext/bks/B11-09076.pdf
905 _a48
942 _2ddc
_cBK
_e21
_n0
999 _c68989
_d68989